[Event "IMSA Rapid 2016"]
[Site "Huai'an CHN"]
[Date "2016.02.26"]
[Round "3.8"]
[White "Wojtaszek, Radoslaw"]
[Black "Ivanchuk, Vassily"]
[Result "1-0"]
[WhiteTitle "GM"]
[BlackTitle "GM"]
[WhiteElo "2727"]
[BlackElo "2710"]
[WhiteFideId "1118358"]
[BlackFideId "14100010"]
[EventDate "2016.02.26"]

1. d4 d6 2. Nf3 g6 3. c4 Bg7 4. Nc3 e5 5. e4 Nc6 6. Bg5 Nge7 7. dxe5 dxe5 8. Nd5
h6 9. Bf6 Kf8 10. Bxe7+ Nxe7 11. Nb6 Be6 12. Nxa8 Qxa8 13. c5 Bf6 14. Qc2 Kg7
15. h3 b6 16. Bc4 Bd7 17. O-O Rd8 18. Rfd1 Bc6 19. Rxd8 Qxd8 20. cxb6 axb6 21.
Bb3 Bb5 22. Rd1 Qc8 23. Bxf7 Kxf7 24. Qb3+ Qe6 25. Qxb5 Qxa2 26. Rc1 1-0

[Event "IMSA Rapid 2016"]
[Site "Huai'an CHN"]
[Date "2016.02.26"]
[Round "4.1"]
[White "Ponomariov, Ruslan"]
[Black "Dominguez Perez, Leinier"]
[Result "1/2-1/2"]
[WhiteTitle "GM"]
[BlackTitle "GM"]
[WhiteElo "2712"]
[BlackElo "2732"]
[WhiteFideId "14103320"]
[BlackFideId "3503240"]
[EventDate "2016.02.26"]

1. e4 e5 2. Nf3 Nf6 3. Nc3 Bb4 4. Nxe5 O-O 5. Nd3 Bxc3 6. dxc3 Nxe4 7. Be2 Re8
8. O-O d5 9. Re1 Bf5 10. Bf1 Nd7 11. f3 Nef6 12. Be3 c6 13. Bf2 Qa5 14. Rxe8+
Rxe8 15. Qd2 h6 16. a4 a6 17. b4 Qc7 18. a5 Qd8 19. Bd4 Nh7 20. Nf4 Ng5 21. Rd1
Qb8 22. h4 Ne6 23. Nxe6 Bxe6 24. Qf2 Ne5 25. Qg3 f6 26. Bd3 Nxd3 27. Qxb8 Rxb8
28. cxd3 h5 29. Re1 Kf7 30. Kf2 Bf5 31. Bc5 Re8 32. Rxe8 Kxe8 33. Ke3 Kf7 34.
Kd4 Ke6 35. Bf8 Kf7 36. Bd6 Ke6 37. Bf8 Kf7 38. Bd6 Ke6 1/2-1/2

[Event "IMSA Rapid 2016"]
[Site "Huai'an CHN"]
[Date "2016.02.26"]
[Round "4.3"]
[White "Li, Chao b"]
[Black "Wojtaszek, Radoslaw"]
[Result "0-1"]
[WhiteTitle "GM"]
[BlackTitle "GM"]
[WhiteElo "2751"]
[BlackElo "2727"]
[WhiteFideId "8604436"]
[BlackFideId "1118358"]
[EventDate "2016.02.26"]

1. e4 c5 2. Nf3 d6 3. d4 cxd4 4. Nxd4 Nf6 5. Nc3 a6 6. Be2 e5 7. Nb3 Be7 8. O-O
O-O 9. Qd3 Be6 10. Bd2 Nbd7 11. Nd5 Bxd5 12. exd5 Nc5 13. Nxc5 dxc5 14. Bf3 h6
15. Rae1 Bd6 16. c4 Qd7 17. Bc3 Rae8 18. Re2 Re7 19. Rfe1 Rfe8 20. g3 b5 21. b3
b4 22. Bb2 a5 23. Qc2 Nh7 24. h4 Nf6 25. Bg2 Qg4 26. Re3 Qd7 27. R3e2 Qg4 28.
Qb1 a4 29. Be4 Nxe4 30. Rxe4 Qg6 31. bxa4 f5 32. R4e2 e4 33. Kf1 Qg4 34. Bc1
Qh3+ 35. Kg1 g5 36. Qb2 Be5 37. Qd2 Bc3 38. Qe3 Bd4 39. Qb3 Rg7 40. h5 Bc3 41.
Qd1 Bxe1 42. Rxe1 f4 43. Qe2 fxg3 44. fxg3 Qxg3+ 45. Kh1 Rf7 46. Rg1 Qf3+ 47.
Qxf3 exf3 48. Kh2 Re2+ 49. Kg3 Rxa2 50. Be3 f2 0-1

[Event "IMSA Rapid 2016"]
[Site "Huai'an CHN"]
[Date "2016.02.26"]
[Round "4.4"]
[White "Wang, Yue"]
[Black "Mamedyarov, Shakhriyar"]
[Result "0-1"]
[WhiteTitle "GM"]
[BlackTitle "GM"]
[WhiteElo "2718"]
[BlackElo "2747"]
[WhiteFideId "8601429"]
[BlackFideId "13401319"]
[EventDate "2016.02.26"]

1. Nf3 d5 2. d4 c5 3. c4 cxd4 4. cxd5 Qxd5 5. Nc3 Qa5 6. Nxd4 Nf6 7. g3 e5 8.
Nb3 Qc7 9. Bg2 Bb4 10. Bd2 O-O 11. O-O Rd8 12. Rc1 Nc6 13. Qc2 Be6 14. Bg5 Rac8
15. Bxf6 gxf6 16. e3 Kg7 17. Rfd1 Na5 18. Nxa5 Bxa5 19. Rxd8 Rxd8 20. Qe2 a6 21.
a3 b5 22. b4 Bb6 23. Qb2 Qd7 24. h4 Qe7 25. Ne4 Bc4 26. Nd2 Be6 27. Rc6 Qa7 28.
Ne4 Rd3 29. Qe2 Rxa3 30. Rxe6 fxe6 31. Qg4+ Kf8 32. Qxe6 Bd8 33. Nc5 Ra1+ 34.
Kh2 Qe7 35. Qg4 Qf7 36. Qc8 Rd1 37. Be4 Rd2 38. Kg2 Qa2 39. Qf5 Qf7 40. h5 Bb6
41. Qc8+ Kg7 42. h6+ Kxh6 43. Qxa6 Qa2 44. Qxb6 Rxf2+ 45. Kg1 Qe2 0-1

[Event "IMSA Rapid 2016"]
[Site "Huai'an CHN"]
[Date "2016.02.26"]
[Round "4.5"]
[White "Tomashevsky, Evgeny"]
[Black "Mamedov, Rauf"]
[Result "1/2-1/2"]
[WhiteTitle "GM"]
[BlackTitle "GM"]
[WhiteElo "2728"]
[BlackElo "2650"]
[WhiteFideId "4147235"]
[BlackFideId "13401653"]
[EventDate "2016.02.26"]

1. c4 g6 2. d4 Bg7 3. e4 d6 4. Nc3 Nc6 5. Be3 e5 6. d5 Nce7 7. Qd2 f5 8. f3 Nf6
9. Bd3 O-O 10. O-O-O c5 11. Nge2 a6 12. Bg5 b5 13. exf5 Nxf5 14. Bxf5 Bxf5 15.
g4 Bd7 16. Ng3 Qa5 17. Kb1 bxc4 18. h4 Rab8 19. h5 h6 20. Bxf6 Rxf6 21. Rhf1 Rf4
22. Nge4 g5 23. Ne2 c3 24. N2xc3 Qb6 25. Rf2 c4 26. Re1 Rb7 27. Qe3 Qc7 28. Rc2
Rf8 29. Rec1 Rfb8 30. Ka1 Rb4 31. Qe2 Qb6 32. Qf2 Qc7 33. Qe2 Qb6 34. Qf2 Qc7 1/2-1/2

[Event "IMSA Rapid 2016"]
[Site "Huai'an CHN"]
[Date "2016.02.26"]
[Round "4.6"]
[White "Movsesian, Sergei"]
[Black "Sargissian, Gabriel"]
[Result "1/2-1/2"]
[WhiteTitle "GM"]
[BlackTitle "GM"]
[WhiteElo "2653"]
[BlackElo "2702"]
[WhiteFideId "310204"]
[BlackFideId "13300881"]
[EventDate "2016.02.26"]

1. d4 d5 2. c4 c6 3. cxd5 cxd5 4. Nc3 Nf6 5. Bf4 Nc6 6. Nf3 Bf5 7. e3 e6 8. Bd3
Bxd3 9. Qxd3 Bd6 10. Bxd6 Qxd6 11. O-O O-O 12. Rfc1 Rfc8 13. a3 Ne7 14. Ne2
Rxc1+ 15. Rxc1 Rc8 16. Rxc8+ Nxc8 17. Qc2 Ne7 18. Ne5 Nd7 19. Nd3 Nf6 20. Ne5
Nd7 21. Nd3 Nf6 22. Ne5 1/2-1/2

[Event "IMSA Rapid 2016"]
[Site "Huai'an CHN"]
[Date "2016.02.26"]
[Round "4.7"]
[White "Navara, David"]
[Black "Harikrishna, Pentala"]
[Result "0-1"]
[WhiteTitle "GM"]
[BlackTitle "GM"]
[WhiteElo "2734"]
[BlackElo "2753"]
[WhiteFideId "309095"]
[BlackFideId "5007003"]
[EventDate "2016.02.26"]

1. d4 Nf6 2. c4 e6 3. Nf3 d5 4. Bg5 Be7 5. e3 h6 6. Bh4 O-O 7. Nc3 b6 8. Bd3 Bb7
9. O-O Nbd7 10. Qe2 dxc4 11. Bxc4 Ne4 12. Bg3 Nxc3 13. bxc3 Nf6 14. Ba6 Bxa6 15.
Qxa6 c5 16. Qb7 Qd7 17. Qxd7 Nxd7 18. a4 Nf6 19. Ne5 Rfc8 20. Rfc1 Ne4 21. f3
Nxg3 22. hxg3 Rc7 23. Rcb1 cxd4 24. cxd4 Rc3 25. e4 Rd8 26. a5 Rxd4 27. axb6
axb6 28. Rxb6 Bc5 29. Rb8+ Rd8+ 0-1

[Event "IMSA Rapid 2016"]
[Site "Huai'an CHN"]
[Date "2016.02.27"]
[Round "5.1"]
[White "Ponomariov, Ruslan"]
[Black "Wang, Hao"]
[Result "1-0"]
[WhiteTitle "GM"]
[BlackTitle "GM"]
[WhiteElo "2712"]
[BlackElo "2717"]
[WhiteFideId "14103320"]
[BlackFideId "8602883"]
[EventDate "2016.02.26"]

1. e4 e6 2. d4 d5 3. Nc3 Nf6 4. e5 Nfd7 5. f4 c5 6. Nf3 Nc6 7. Be3 a6 8. Qd2 b5
9. Be2 Bb7 10. Nd1 b4 11. O-O Qb6 12. Nf2 cxd4 13. Nxd4 Nxd4 14. Bxd4 Bc5 15. c3
Rc8 16. Rfe1 a5 17. Bg4 g6 18. Bf3 h5 19. Rad1 bxc3 20. bxc3 Bxd4 21. cxd4 Qb4
22. Qxb4 axb4 23. Rd2 Ke7 24. Rb1 Ba6 25. Rxb4 Rc1+ 26. Nd1 Rb8 27. Rbb2 Bc4 28.
Kf2 Rxb2 29. Rxb2 Ra1 30. Nc3 Rc1 31. Nd1 Ra1 32. Ne3 Bd3 33. Be2 Be4 34. Nd1
Kd8 35. Nc3 Bf5 36. Ke3 f6 37. a4 fxe5 38. fxe5 Kc7 39. Ra2 Rh1 40. h3 Rc1 41.
Nb5+ Kb8 42. a5 h4 43. a6 Nb6 44. a7+ Ka8 45. Ra6 Nc4+ 46. Bxc4 Rxc4 47. Kf4 Bd3
48. Rxe6 1-0

[Event "IMSA Rapid 2016"]
[Site "Huai'an CHN"]
[Date "2016.02.27"]
[Round "5.2"]
[White "Wojtaszek, Radoslaw"]
[Black "Dominguez Perez, Leinier"]
[Result "1/2-1/2"]
[WhiteTitle "GM"]
[BlackTitle "GM"]
[WhiteElo "2727"]
[BlackElo "2732"]
[WhiteFideId "1118358"]
[BlackFideId "3503240"]
[EventDate "2016.02.26"]

1. d4 Nf6 2. c4 e6 3. Nf3 d5 4. Nc3 Be7 5. Bf4 O-O 6. e3 b6 7. Be2 dxc4 8. Bxc4
Ba6 9. Qe2 Bxc4 10. Qxc4 c5 11. dxc5 Bxc5 12. O-O Nbd7 13. Rfd1 Qc8 14. Ne5 Nxe5
15. Bxe5 Be7 16. Qe2 Qb7 17. Bd6 Bxd6 18. Rxd6 Rad8 19. Rad1 Rxd6 20. Rxd6 Ne4
21. Nxe4 Qxe4 22. Qd1 h6 23. h3 Rc8 24. Rd8+ Rxd8 25. Qxd8+ Kh7 26. Qd1 Kg8 27.
Qd8+ Kh7 28. Qd1 Kg8 29. Qd8+ 1/2-1/2

[Event "IMSA Rapid 2016"]
[Site "Huai'an CHN"]
[Date "2016.02.27"]
[Round "5.4"]
[White "Harikrishna, Pentala"]
[Black "Li, Chao b"]
[Result "1-0"]
[WhiteTitle "GM"]
[BlackTitle "GM"]
[WhiteElo "2753"]
[BlackElo "2751"]
[WhiteFideId "5007003"]
[BlackFideId "8604436"]
[EventDate "2016.02.26"]

1. e4 c5 2. Nf3 d6 3. d4 cxd4 4. Nxd4 Nf6 5. Nc3 Nc6 6. Bg5 e6 7. Qd2 a6 8.
O-O-O Bd7 9. f4 h6 10. Bh4 b5 11. Bxf6 gxf6 12. Kb1 b4 13. Nce2 Qb6 14. Qd3 h5
15. Nxc6 Bxc6 16. Nd4 Bb7 17. Be2 O-O-O 18. Bf3 Bg7 19. f5 e5 20. Ne2 Kb8 21.
Qb3 Rd7 22. Nc3 Bh6 23. a3 a5 24. Nd5 Bxd5 25. Rxd5 Be3 26. Rhd1 Bc5 27. a4 h4
28. Be2 Rc7 29. Bc4 Rhc8 30. Qh3 Rb7 31. Bb3 Rh8 32. Qg4 Bd4 33. Rb5 Qd8 34.
Rxb7+ Kxb7 35. Bxf7 Kb6 36. Rd3 Qf8 37. Bd5 Rh7 38. Rh3 Qh8 39. Bb3 Ka7 40. Qe2
Qe8 41. g3 Bb6 42. gxh4 Qh5 43. Qxh5 Rxh5 44. Bf7 Rh6 45. h5 Bd4 46. c3 bxc3 47.
bxc3 Bf2 48. Rd3 Bc5 49. Kc2 Kb6 50. Kb3 Rh7 51. Bg6 Rh8 52. Kc4 Kc6 53. Bf7 Ba3
54. Rg3 Bc1 55. Rg7 Bf4 56. Bd5+ Kb6 57. Rb7+ Ka6 58. Rd7 Rxh5 59. Rxd6+ Ka7 60.
Kb5 Rxh2 61. Rd8 1-0

[Event "IMSA Rapid 2016"]
[Site "Huai'an CHN"]
[Date "2016.02.27"]
[Round "5.5"]
[White "Sargissian, Gabriel"]
[Black "Mamedov, Rauf"]
[Result "1/2-1/2"]
[WhiteTitle "GM"]
[BlackTitle "GM"]
[WhiteElo "2702"]
[BlackElo "2650"]
[WhiteFideId "13300881"]
[BlackFideId "13401653"]
[EventDate "2016.02.26"]

1. d4 g6 2. Nf3 Bg7 3. g3 d5 4. Bg2 Nf6 5. O-O O-O 6. c3 b6 7. c4 Bb7 8. Ne5 e6
9. Nc3 Nbd7 10. Bg5 h6 11. Nxd7 Qxd7 12. Bxf6 Bxf6 13. cxd5 exd5 14. e3 Bg7 15.
Rc1 Rfd8 16. Qb3 c6 17. Rfd1 Qe7 18. Ne2 h5 19. h4 Bh6 20. Rc3 Rac8 21. Qa3 Qxa3
22. Rxa3 a5 23. Rb3 Ba6 24. Nf4 Rb8 25. Rc3 Bxf4 26. gxf4 Rd6 27. Rdc1 Bb7 28.
a3 a4 29. b4 b5 30. f3 Re8 31. Kf2 f5 32. Rc5 Kf7 33. Rd1 Bc8 34. Rdc1 Bd7 35.
R5c3 Rf6 36. Bh3 Re7 37. Rc5 Rfe6 38. R1c3 Rf6 39. Bf1 Ke8 40. Bd3 Rd6 41. Bb1
Rf6 42. Rc1 Kf7 43. R5c3 Kf8 44. Rg1 Kf7 45. Rg5 Kf8 46. Rc5 Kf7 47. Rc3 Kf8 48.
Kg3 Rd6 49. Kf2 Rf6 50. Rg1 Kf7 51. Rc5 Kf8 52. Rc3 Kf7 1/2-1/2

[Event "IMSA Rapid 2016"]
[Site "Huai'an CHN"]
[Date "2016.02.27"]
[Round "5.6"]
[White "Wang, Yue"]
[Black "Tomashevsky, Evgeny"]
[Result "1-0"]
[WhiteTitle "GM"]
[BlackTitle "GM"]
[WhiteElo "2718"]
[BlackElo "2728"]
[WhiteFideId "8601429"]
[BlackFideId "4147235"]
[EventDate "2016.02.26"]

1. Nf3 Nf6 2. c4 e6 3. Nc3 Bb4 4. d4 b6 5. e3 O-O 6. Bd3 d5 7. O-O c5 8. cxd5
exd5 9. a3 Bxc3 10. bxc3 c4 11. Bc2 Bg4 12. Qe1 Nc6 13. Ne5 Nxe5 14. dxe5 Nd7
15. f4 f5 16. a4 Nc5 17. Ba3 Rf7 18. Qd2 Ne4 19. Qd4 Qd7 20. a5 b5 21. a6 Qc6
22. Rfb1 h6 23. Bxe4 dxe4 24. Bd6 g5 25. Ra5 gxf4 26. Raxb5 fxe3 27. e6 Rg7 28.
Rb7 1-0

[Event "IMSA Rapid 2016"]
[Site "Huai'an CHN"]
[Date "2016.02.27"]
[Round "5.7"]
[White "Fressinet, Laurent"]
[Black "Movsesian, Sergei"]
[Result "1-0"]
[WhiteTitle "GM"]
[BlackTitle "GM"]
[WhiteElo "2700"]
[BlackElo "2653"]
[WhiteFideId "608742"]
[BlackFideId "310204"]
[EventDate "2016.02.26"]

1. Nf3 d5 2. g3 c6 3. Bg2 Bg4 4. O-O Nd7 5. d3 Ngf6 6. h3 Bh5 7. Qe1 e5 8. e4
dxe4 9. dxe4 Be7 10. Nh4 O-O 11. Nd2 Re8 12. Nc4 Qc7 13. a4 Nc5 14. Nf5 Bf8 15.
Bg5 Nfd7 16. a5 Ne6 17. Be3 b5 18. axb6 axb6 19. Qd2 b5 20. Ncd6 Red8 21. Rxa8
Rxa8 22. c4 bxc4 23. Nxc4 c5 24. f4 Rd8 25. Qf2 f6 26. Bd2 Nd4 27. Ba5 Qb8 28.
Bxd8 Qxd8 29. Nxd4 cxd4 30. fxe5 Bf7 31. Nd6 Nxe5 32. Nxf7 Kxf7 33. Qf5 Qc7 34.
Qh5+ Kg8 35. Qe8 d3 36. Kh2 h6 37. b4 Qd6 38. b5 d2 39. Rd1 Kh7 40. Qc8 Qd4 41.
b6 Qxb6 42. Qxf8 Qf2 43. Qa3 Qe2 1-0

[Event "IMSA Rapid 2016"]
[Site "Huai'an CHN"]
[Date "2016.02.27"]
[Round "5.8"]
[White "Ivanchuk, Vassily"]
[Black "Navara, David"]
[Result "0-1"]
[WhiteTitle "GM"]
[BlackTitle "GM"]
[WhiteElo "2710"]
[BlackElo "2734"]
[WhiteFideId "14100010"]
[BlackFideId "309095"]
[EventDate "2016.02.26"]

1. e4 c6 2. Nf3 d5 3. d3 dxe4 4. dxe4 Qxd1+ 5. Kxd1 f6 6. Be3 e5 7. Nbd2 Bg4 8.
h3 Bxf3+ 9. Nxf3 Nd7 10. Bc4 Bc5 11. Ke2 Bxe3 12. Kxe3 Ne7 13. c3 O-O-O 14. h4
Kc7 15. Be2 h6 16. Rad1 f5 17. Bd3 Rde8 18. Bc2 fxe4 19. Bxe4 Nf6 20. Nd2 Ned5+
21. Ke2 Nf4+ 22. Kf3 Rhf8 23. g3 Nd3 24. Bxd3 e4+ 25. Kg2 exd3 26. Rhe1 Ng4 27.
Ne4 Re7 28. f3 Ne5 29. Nc5 Rfe8 30. b3 b6 31. Ne4 b5 32. Nf2 a5 33. f4 Nd7 34.
Nxd3 Nf6 35. Ne5 Ng4 36. Kf3 Nxe5+ 37. fxe5 Rxe5 38. Rxe5 Rxe5 39. Rd4 Rc5 40.
Rd3 Rf5+ 41. Ke4 Rf2 42. a4 Rb2 43. axb5 Rxb3 44. bxc6 Kxc6 45. Kf5 a4 46. Kg6
Rb7 47. Rd1 a3 48. Ra1 Ra7 49. g4 Kd5 50. g5 hxg5 51. hxg5 Kc4 52. Rxa3 Rxa3 53.
Kxg7 Kd5 54. Kf6 Ra6+ 55. Kf7 Ke5 56. g6 Ra7+ 0-1

[Event "IMSA Rapid 2016"]
[Site "Huai'an CHN"]
[Date "2016.02.27"]
[Round "6.1"]
[White "Harikrishna, Pentala"]
[Black "Ponomariov, Ruslan"]
[Result "1/2-1/2"]
[WhiteTitle "GM"]
[BlackTitle "GM"]
[WhiteElo "2753"]
[BlackElo "2712"]
[WhiteFideId "5007003"]
[BlackFideId "14103320"]
[EventDate "2016.02.26"]

1. e4 e5 2. Nf3 Nc6 3. Bc4 Nf6 4. d3 Be7 5. O-O O-O 6. a4 d6 7. Re1 Na5 8. Ba2
c5 9. c3 Nc6 10. Na3 h6 11. Bd2 Re8 12. Nc4 Bf8 13. h3 Be6 14. b4 Qc7 15. Ne3
Bxa2 16. Rxa2 cxb4 17. cxb4 d5 18. Qb1 dxe4 19. dxe4 Nd4 20. Nxd4 exd4 21. Nf5
Rad8 22. Qd3 Qe5 23. Ng3 Nh5 24. Nxh5 Qxh5 25. Rc2 Rd7 26. Rc4 Qe5 27. f4 Qe6
28. e5 Qd5 29. Re4 Red8 30. f5 b5 31. axb5 Qxb5 32. Qe2 d3 33. Qg4 Qb6+ 34. Kf1
Rc7 35. e6 Rxc4 36. exf7+ Kxf7 37. Rxc4 Be7 38. Qe4 Qd6 39. Rc6 Qd5 40. Qxd5+
Rxd5 41. g4 Re5 42. Rc7 Re2 43. Bf4 Re4 44. Bd2 Re2 45. Bf4 Ke8 46. Rc8+ Kf7 47.
Rc7 Ke8 48. Rc8+ Kf7 49. Rc7 1/2-1/2

[Event "IMSA Rapid 2016"]
[Site "Huai'an CHN"]
[Date "2016.02.27"]
[Round "6.2"]
[White "Mamedyarov, Shakhriyar"]
[Black "Wojtaszek, Radoslaw"]
[Result "1-0"]
[WhiteTitle "GM"]
[BlackTitle "GM"]
[WhiteElo "2747"]
[BlackElo "2727"]
[WhiteFideId "13401319"]
[BlackFideId "1118358"]
[EventDate "2016.02.26"]

1. d4 Nf6 2. c4 e6 3. Nc3 Bb4 4. Nf3 d5 5. Qa4+ Nc6 6. e3 O-O 7. Qc2 Bd6 8. a3
b6 9. h3 Ne7 10. e4 dxe4 11. Nxe4 Nxe4 12. Qxe4 Rb8 13. Bd3 Ng6 14. Qe2 f5 15.
O-O c5 16. b4 h6 17. Rb1 Qc7 18. Re1 Bd7 19. Qc2 Rbe8 20. Bd2 e5 21. bxc5 bxc5
22. dxe5 Nxe5 23. Nxe5 Bxe5 24. Bc3 Bc6 25. Bxe5 Rxe5 26. Qc3 Rfe8 27. Rxe5 Rxe5
28. Re1 Rxe1+ 29. Qxe1 Qd7 30. Qe3 Bb7 31. Bc2 Qc6 32. f3 Ba6 33. Qf4 Qe6 34.
Bxf5 Qxc4 35. Qb8+ Kf7 36. Kh2 g5 37. Be4 Bb5 38. Qxa7+ Kf6 39. Qb6+ 1-0

[Event "IMSA Rapid 2016"]
[Site "Huai'an CHN"]
[Date "2016.02.27"]
[Round "6.3"]
[White "Dominguez Perez, Leinier"]
[Black "Sargissian, Gabriel"]
[Result "1/2-1/2"]
[WhiteTitle "GM"]
[BlackTitle "GM"]
[WhiteElo "2732"]
[BlackElo "2702"]
[WhiteFideId "3503240"]
[BlackFideId "13300881"]
[EventDate "2016.02.26"]

1. e4 e5 2. Nf3 Nc6 3. Bb5 a6 4. Ba4 Nf6 5. O-O Be7 6. Re1 b5 7. Bb3 O-O 8. a4
Bb7 9. d3 d6 10. Nbd2 Nd7 11. c3 Nc5 12. axb5 axb5 13. Rxa8 Qxa8 14. Bc2 b4 15.
d4 bxc3 16. bxc3 Nd7 17. Nf1 Qa1 18. Bd2 Qxd1 19. Rxd1 Bf6 20. Rb1 Rb8 21. Be3
exd4 22. cxd4 Ba6 23. Rxb8+ Ndxb8 24. Ba4 Nb4 25. N1d2 Be2 26. d5 N8a6 27. Bb3
h6 28. Bc4 Bxc4 29. Nxc4 Kf8 30. Nd4 Bxd4 31. Bxd4 f5 32. f3 fxe4 33. fxe4 Nc2
34. Ba7 Ke7 35. Kf2 Kd7 36. Ne3 Nxe3 37. Kxe3 Nb4 38. Kf4 c5 39. dxc6+ Nxc6 40.
Bb6 Ke6 41. Bf2 Kf6 42. Be1 Ne7 43. Bc3+ Kf7 44. g4 d5 45. Bb2 Ng6+ 46. Ke3 dxe4
47. Kxe4 Nf8 48. h4 Ng6 49. h5 Nf8 50. Kf5 Nh7 51. Bc3 Ng5 52. Bb2 1/2-1/2

[Event "IMSA Rapid 2016"]
[Site "Huai'an CHN"]
[Date "2016.02.27"]
[Round "6.4"]
[White "Mamedov, Rauf"]
[Black "Wang, Hao"]
[Result "1/2-1/2"]
[WhiteTitle "GM"]
[BlackTitle "GM"]
[WhiteElo "2650"]
[BlackElo "2717"]
[WhiteFideId "13401653"]
[BlackFideId "8602883"]
[EventDate "2016.02.26"]

1. c4 e5 2. Nc3 Nf6 3. g3 Bb4 4. Bg2 O-O 5. Nf3 Re8 6. O-O e4 7. Nd4 Bxc3 8.
dxc3 d6 9. h3 Nbd7 10. b3 a5 11. a4 Nc5 12. Be3 b6 13. Qc2 Bd7 14. Rad1 Qe7 15.
Nb5 Be6 16. Bg5 Bf5 17. Bxf6 gxf6 18. Nd4 Bd7 19. Nb5 Bxb5 20. cxb5 Qe5 21. Rd4
f5 22. Rfd1 Qf6 23. e3 Re5 24. h4 Ne6 25. Rd5 Re8 26. Qe2 Nc5 27. Qc4 Kg7 28.
Bf1 h6 29. Be2 Rxd5 30. Rxd5 Re5 31. Rd1 Qe6 32. Rb1 Kf6 33. Bf1 Ke7 34. Kg2 Kf8
35. Kg1 Ke7 36. Kg2 Kd7 37. Kg1 Ke7 38. Kg2 1/2-1/2

[Event "IMSA Rapid 2016"]
[Site "Huai'an CHN"]
[Date "2016.02.27"]
[Round "6.6"]
[White "Tomashevsky, Evgeny"]
[Black "Navara, David"]
[Result "1-0"]
[WhiteTitle "GM"]
[BlackTitle "GM"]
[WhiteElo "2728"]
[BlackElo "2734"]
[WhiteFideId "4147235"]
[BlackFideId "309095"]
[EventDate "2016.02.26"]

1. e4 c6 2. d4 d5 3. Nc3 dxe4 4. Nxe4 Bf5 5. Ng3 Bg6 6. Bc4 e6 7. N1e2 Bd6 8.
Nf4 Nf6 9. c3 Qc7 10. Qf3 Nbd7 11. h4 e5 12. Nxg6 fxg6 13. Be3 O-O-O 14. O-O-O
Rhe8 15. Ne4 Nxe4 16. Qxe4 Nf6 17. Qf3 Kb8 18. dxe5 Bxe5 19. Rxd8+ Rxd8 20. Rd1
Rxd1+ 21. Kxd1 Qd7+ 22. Ke2 b6 23. a4 Kc7 24. a5 Nd5 25. axb6+ axb6 26. Bxd5
cxd5 27. Bxb6+ Kxb6 28. Qe3+ d4 29. Qxe5 dxc3 30. bxc3 Qg4+ 31. Kf1 Qd1+ 32. Qe1
Qd5 33. Qe3+ Kb5 34. Qe2+ Ka4 35. Qc2+ Kb5 36. Kg1 Qe5 37. Qd3+ Kc5 38. Kf1 g5
39. Qxh7 gxh4 40. Qxh4 Qxc3 41. Qe4 Kd6 42. Ke2 Qb2+ 43. Kf3 Kd7 44. Kg3 Kd6 45.
f4 Qc3+ 46. Kg4 Qf6 47. Qb4+ Kd5 48. Qb7+ Kc5 49. Qe4 Kd6 50. Qb4+ Kd5 51. Qb5+
Ke4 52. Qe2+ Kd5 53. Qd3+ Ke6 54. Qa6+ Kf7 55. Qxf6+ Kxf6 56. Kf3 Kf5 57. g4+
Kf6 58. Ke4 Ke6 59. Kf3 Kf7 60. Kg3 Kf6 61. Kf2 Kf7 62. Ke3 Ke7 63. Kd3 Kd7 64.
Ke4 Ke6 65. f5+ Kf6 66. Kf4 Ke7 67. Ke5 Kf7 68. g5 Ke7 69. g6 Ke8 70. Ke6 Kf8
71. Kd7 Kg8 72. Ke7 Kh8 73. f6 gxf6 74. Kf7 1-0

[Event "IMSA Rapid 2016"]
[Site "Huai'an CHN"]
[Date "2016.02.27"]
[Round "6.7"]
[White "Li, Chao b"]
[Black "Fressinet, Laurent"]
[Result "1-0"]
[WhiteTitle "GM"]
[BlackTitle "GM"]
[WhiteElo "2751"]
[BlackElo "2700"]
[WhiteFideId "8604436"]
[BlackFideId "608742"]
[EventDate "2016.02.26"]

1. d4 Nf6 2. c4 e6 3. g3 d5 4. Bg2 Bb4+ 5. Bd2 Be7 6. Nf3 O-O 7. O-O Nbd7 8. Qc2
Ne4 9. Bf4 c6 10. Nc3 g5 11. Be3 Nd6 12. cxd5 cxd5 13. Qc1 h6 14. h4 Nf5 15.
hxg5 Nxe3 16. Qxe3 hxg5 17. Bh3 Kg7 18. Kg2 Nb6 19. b3 Rh8 20. Rh1 f5 21. Ne5
Bf6 22. f4 Bxe5 23. Bxf5 Rxh1 24. Rxh1 Bf6 25. Bb1 Bd7 26. Qd3 Kf8 27. fxg5 Bg7
28. Qg6 Bxd4 29. Rh7 Qe8 30. Qh6+ Kg8 31. g6 Bxc3 32. g7 1-0

[Event "IMSA Rapid 2016"]
[Site "Huai'an CHN"]
[Date "2016.02.27"]
[Round "7.1"]
[White "Mamedyarov, Shakhriyar"]
[Black "Dominguez Perez, Leinier"]
[Result "1/2-1/2"]
[WhiteTitle "GM"]
[BlackTitle "GM"]
[WhiteElo "2747"]
[BlackElo "2732"]
[WhiteFideId "13401319"]
[BlackFideId "3503240"]
[EventDate "2016.02.26"]
[EventType "rapid"]

1. d4 Nf6 2. c4 e6 3. Nf3 Bb4+ 4. Nc3 c5 5. g3 Nc6 6. Bg2 Ne4 7. Bd2 Nxd2 8.
Qxd2 cxd4 9. Nxd4 O-O 10. O-O Ne5 11. b3 a6 12. Nc2 Be7 13. Rfd1 Qc7 14. f4 Ng4
15. Ne4 d6 16. h3 Nf6 17. Nxf6+ Bxf6 18. Rac1 Rd8 19. Kh2 Rb8 20. Qd3 Be7 21. e3
Bd7 22. Nd4 Bf6 23. Qd2 Bc6 24. Nb5 axb5 25. cxb5 d5 26. bxc6 bxc6 27. e4 Qb6
28. Qc2 Qa6 29. Qxc6 Qxa2 30. exd5 exd5 31. Rxd5 Qxb3 32. Rxd8+ Rxd8 33. Re1 Qb4
34. Re4 Qb8 35. Ra4 Qd6 36. Ra8 Qxc6 37. Rxd8+ Bxd8 38. Bxc6 g5 39. fxg5 Bxg5
40. Kg2 Kg7 41. Kh2 Kg8 42. Kg2 Kg7 43. Kh2 1/2-1/2

[Event "IMSA Rapid 2016"]
[Site "Huai'an CHN"]
[Date "2016.02.27"]
[Round "7.3"]
[White "Sargissian, Gabriel"]
[Black "Harikrishna, Pentala"]
[Result "1/2-1/2"]
[WhiteTitle "GM"]
[BlackTitle "GM"]
[WhiteElo "2702"]
[BlackElo "2753"]
[WhiteFideId "13300881"]
[BlackFideId "5007003"]
[EventDate "2016.02.26"]
[EventType "rapid"]

1. Nf3 Nf6 2. c4 e6 3. g3 d5 4. b3 Be7 5. Bb2 O-O 6. Bg2 c5 7. cxd5 exd5 8. d4
Nc6 9. O-O Ne4 10. Nc3 Bf6 11. Na4 Re8 12. Rc1 cxd4 13. Nxd4 Bd7 14. Nc5 Nxd4
15. Bxd4 Bb5 16. Re1 b6 17. Nxe4 dxe4 18. Bxf6 Qxd1 19. Rexd1 gxf6 20. e3 Be2
21. Rd7 Bg4 22. Rd4 f5 23. h3 Bh5 24. g4 Bg6 25. Kh2 fxg4 26. hxg4 Re5 27. Rcd1
h5 28. Rd8+ Rxd8 29. Rxd8+ Kg7 30. Rd7 a5 31. Rb7 b5 32. a3 hxg4 33. Kg3 Bf5 34.
Bf1 b4 35. axb4 axb4 36. Rxb4 Be6 37. Rb8 Rc5 38. Be2 Rc2 39. Ba6 Rc1 40. b4
Rg1+ 41. Kh2 Rb1 42. b5 Bc4 43. Bc8 Rxb5 44. Rxb5 Bxb5 45. Kg3 Kf6 46. Kf4 g3
47. fxg3 Ke7 48. Kxe4 f6 49. Kf4 Bc6 1/2-1/2